| 000 | 00509cam a22002171 4500 | ||
|---|---|---|---|
| 001 | 6091712 | ||
| 005 | 20180215040529.0 | ||
| 008 | 740424s1962 xx 000 0 eng | ||
| 010 | _a 61018268 | ||
| 035 | _a(OCoLC)864830 | ||
| 040 |
_aDLC _cOCX _dDLC |
||
| 041 | _aeng | ||
| 042 | _apremarc | ||
| 080 | _a744.42 joh | ||
| 082 | _a744.42 joh | ||
| 100 | 1 | _a41 | |
| 101 | _aark | ||
| 245 | 1 | 0 | _aBasic technical drawing. |
| 906 |
_a7 _bcbc _coclcrpl _du _encip _f19 _gy-gencatlg |
||
| 942 |
_2ddc _cBK |
||
| 999 |
_c42601 _d42601 |
||